Deutsche forschungs gemeinschaft.

שמור ב:
מידע ביבליוגרפי
פורמט: ספר
שפה:German
סדרה:(Aufbau und aufgaben ; no. 19-60)
נושאים:
תגים: הוספת תג
אין תגיות, היה/י הראשונ/ה לתייג את הרשומה!

MARC

LEADER 00000cam^a2200000uu^4500
001 000475897
005 20250521000000.0
008 050901s1960^^^^^^^^^^^^rd^r^^000^0^ger^d
009 20260310124812.918
035 |a FCE 000018764 
035 |a FCE 022742 
037 |a Acervo ITESO - Biblioteca 
041 |a ALE 
082 0 4 |a 379.343  |b DEUt 
245 0 0 |a Deutsche forschungs gemeinschaft. 
264 |a Alemania :  |b Franz Steiner Verlag,  |c 1960. 
300 |a 108 p. 
336 |a texto  |b txt  |2 rdacontenido 
337 |a sin mediación  |b n  |2 rdamedio 
338 |a volumen  |b nc  |2 rdasoporte 
440 0 |a (Aufbau und aufgaben ;  |v no. 19-60) 
649 |a XX 
650 |a Fundaciones educativas 
650 |a Organizaciones 
650 |a Organismos sociales 
650 |a Alemania 
910 |a Fondo Centro de Estudios Educativos 
920 |a Impresos - Libros 
930 |a Fondos Especiales 
905 |a 133 
901 |a ALE022742  |b IT2  |c CEE  |u 20250521 
902 |a https://opac.biblio.iteso.mx/vufind/Record/000475897